00508nam a2200193 a 4500001001300000003000900013005001700022008004100039020000900080082001700089100002000106245004500126260004400171300000900215500003500224505001000259650002500269700002000294nice12345678IN_TiNIC20260116012720.0050524s1988 lona grp 000 0 eng  ac7000a954.052bSPE aSpear, Percival aOxford History of Modern India 1740-1975 aLondan bOxford University Press c1988 a472p aincludes index and biblioraphy2 aIndex aIndia-Historiography1 aSpear, Percival